000 01779cam a22004454i 4500
003 PE-LiUPU
005 20250731173010.0
008 150616s1978 sp a r 000 0 spa d
035 _a(Sirsi) a2262
040 _aPE-LiUPU
_bspa
_cPE-LiUPU
_erda
049 _aPRUA
082 0 4 _a270.9
_bG69
_221
100 1 _aGonzález, Justo L.,
_eautor.
245 1 0 _aY hasta lo último de la tierra :
_bUna historia ilustrada del cristianismo: La era de las tinieblas.
_n3 /
_cJusto L. González.
264 1 _aMadrid :
_bEditorial Caribe,
_c1978.
300 _a199 páginas :
_bilustraciones ;
_c21 centímetros
336 _atext
_2rdacontent
337 _aunmediated
_2rdamedia
338 _avolume
_2rdacarrier
505 0 _aBajo el régimen de los bárbaros -- El monaquismo benedictino -- El papado -- La iglesia oriental -- Las iglesias disidentes -- Las conquistas árabes -- Bajo el régimen de los carolingios -- La iglesia del Oriente después de las conquistas árabes -- Antes del alba, la noche oscura.
526 _aSEG42
526 _aSEG41
526 _aSEG40
526 _aSEG39
526 _aP94
526 _aP87
526 _aP86
526 _aP85
526 _aP77
526 _aP76
526 _aP35
650 0 4 _aIglesia
_xHistoria.
910 _ajck
_bjvq
_cjck
942 _2ddc
_cBOOK
949 _a270.9 G69 3
_wDEWEY
_c1
_i17974
_lCCODEBUL1
_mBUL
_p00.00
_r0
_sY
_tBOOK
_u19800623
_xTEOLOGIA
_zUNKNOWN
_0COMPRA
_o.STAFF. Colección General
994 _aC0
_bPEPRU
596 _a1
999 _a270.9 G69 3
_wDEWEY
_c23211
_i17974
_d23211
_e2018-5-21
_f2021-11-11
_g5
_lCCODEBUL1
_mBUL
_n6
_p11.39
_q7
_r0
_sY
_tBOOK
_u2015-6-16
_xTEOLOGIA
_PP35
_0COMPRA
_o.STAFF. Colección Teología
980 _81
_gALBERTO SANCHEZ Responsable de Automatización